000 00331nam a2200133Ia 4500
008 240624s9999 xx 000 0 und d
041 _aeng
082 _a650.1 BAK
100 _aBAKER WAYNE E
245 _aACHIEVING SUCCESS THROUGH SOCIAL CAPITAL
260 _c2012
_anetworks
_bJossey-Bass
300 _a256 : p.
365 _c
_b25
999 _c23535
_d23535